[Event "ICS rated blitz match"]
[Site "204.178.125.65"]
[Date "2001.08.07"]
[Round "?"]
[White "QuarkX"]
[Black "Hossa"]
[Result "1-0"]
[WhiteElo "2616"]
[BlackElo "2521"]
[PlyCount "134"]
[EventDate "2001.??.??"]

1. c4 Nf6 2. Nc3 e5 3. Nf3 Nc6 4. g3 Bb4 5. Bg2 O-O 6. O-O e4 7. Ne1 Bxc3 8.
dxc3 h6 9. Nc2 d6 10. Ne3 Re8 11. Qc2 Kh8 12. f3 exf3 13. exf3 Be6 14. b3 Qd7
15. Bb2 Re7 16. g4 Rae8 17. Kh1 Kg8 18. a4 Qd8 19. Bc1 Qc8 20. Bd2 Ne5 21. h3
Ng6 22. f4 Nh4 23. Rf2 c6 24. Qd3 Bd7 25. f5 Nxg2 26. Kxg2 Ne4 27. Rf3 Qc7 28.
b4 a6 29. a5 Re5 30. Bc1 Bc8 31. Nc2 Ng5 32. Rf2 Rd8 33. Bf4 Ree8 34. Re1 Rxe1
35. Nxe1 Qd7 36. Nf3 Nxf3 37. Qxf3 d5 38. Rd2 h5 39. Rd4 hxg4 40. hxg4 Qe7 41.
cxd5 cxd5 42. Kf2 Re8 43. Qe3 Qf8 44. Qd2 Qe7 45. Bg3 Kh7 46. Rxd5 Qe4 47. Rd4
Qb1 48. Rd3 Qa1 49. Re3 Rxe3 50. Kxe3 Qg1+ 51. Kf3 Qf1+ 52. Qf2 Qxf2+ 53. Bxf2
Bd7 54. c4 Bc6+ 55. Kf4 f6 56. g5 fxg5+ 57. Kxg5 Ba4 58. Bg3 Bb3 59. c5 Kg8 60.
Be5 Kf7 61. Kf4 Bc2 62. b5 Kf8 63. c6 bxc6 64. bxa6 Ke7 65. a7 g6 66. f6+ Kf7
67. a8=Q g5+ {Hossa resigns} 1-0

[Event "ICS rated blitz match"]
[Site "204.178.125.65"]
[Date "2001.08.07"]
[Round "?"]
[White "Hossa"]
[Black "TacticalFish"]
[Result "1-0"]
[WhiteElo "2509"]
[BlackElo "2095"]
[PlyCount "105"]
[EventDate "2001.??.??"]

1. d4 Nf6 2. Nf3 d5 3. c4 e6 4. Nc3 Be7 5. Bg5 h6 6. Bxf6 Bxf6 7. e3 O-O 8.
cxd5 exd5 9. Bd3 Re8 10. O-O b6 11. Qc2 Bb7 12. Ne2 Nd7 13. Nf4 c5 14. Nh5 c4
15. Bf5 b5 16. Bxd7 Qxd7 17. Nxf6+ gxf6 18. Nd2 f5 19. Nf3 f6 20. Rfe1 Re4 21.
Nd2 Kh7 22. Nxe4 fxe4 23. f3 f5 24. Rf1 Rg8 25. fxe4 fxe4 26. Qf2 Qg4 27. Qf5+
Qxf5 28. Rxf5 Kg6 29. Raf1 Rg7 30. Rf6+ Kh7 31. Rd6 b4 32. Rff6 Rc7 33. Rxh6+
Kg7 34. Rdg6+ Kf7 35. Rh7+ Kxg6 36. Rxc7 Ba6 37. Rc6+ Kg5 38. Rxa6 c3 39. bxc3
bxc3 40. h4+ Kxh4 41. Rxa7 Kg4 42. Ra5 c2 43. Rc5 Kf5 44. Rxc2 Ke6 45. a4 Kd6
46. g4 Ke6 47. a5 Kd7 48. a6 Ke7 49. a7 Kf6 50. Rf2+ Kg5 51. a8=Q Kxg4 52. Qg8+
Kh3 53. Rh2# {TacticalFish checkmated} 1-0

[Event "ICS rated blitz match"]
[Site "204.178.125.65"]
[Date "2001.08.07"]
[Round "?"]
[White "Timbu"]
[Black "Hossa"]
[Result "0-1"]
[WhiteElo "2523"]
[BlackElo "2512"]
[PlyCount "78"]
[EventDate "2001.??.??"]

1. d4 Nf6 2. c4 e6 3. Nf3 b6 4. e3 Bb7 5. Be2 Be7 6. O-O O-O 7. Nc3 d5 8. cxd5
exd5 9. b3 c6 10. Bb2 Nbd7 11. Rc1 Bd6 12. g3 Qe7 13. Re1 Rfe8 14. Bf1 Ne4 15.
Nd2 Nxc3 16. Bxc3 Nf6 17. Bg2 Ba6 18. Bf1 Bxf1 19. Rxf1 Qd7 20. Rc2 Qh3 21. Qf3
a5 22. Qg2 Qf5 23. Rcc1 Ba3 24. Rcd1 Qc2 25. Nb1 Qxa2 26. Nxa3 Qxa3 27. Rb1 a4
28. Rfc1 axb3 29. Qf3 Ne4 30. Bb2 Qd6 31. Qe2 Qf6 32. Bc3 Ra2 33. Rb2 Rea8 34.
Qd3 Rxb2 35. f4 Rba2 36. Rf1 Qh6 37. h4 Nxg3 38. Rf2 Qxh4 39. Be1 Qh1# {
Timbu checkmated} 0-1

[Event "ICS Rated blitz match"]
[Site "204.178.125.65"]
[Date "2001.08.07"]
[Round "?"]
[White "Tinker"]
[Black "Hossa"]
[Result "0-1"]
[WhiteElo "2449"]
[BlackElo "2529"]
[PlyCount "122"]
[EventDate "2001.??.??"]

1. e4 c5 2. Nf3 d6 3. d4 cxd4 4. Nxd4 Nf6 5. Nc3 g6 6. Be3 Bg7 7. Be2 O-O 8.
O-O Re8 9. f4 d5 10. e5 Ne4 11. Nxe4 dxe4 12. Qe1 Bd7 13. e6 fxe6 14. Bc4 Qc8
15. Bb3 Nc6 16. c3 Rf8 17. Nxc6 Bxc6 18. Qf2 a5 19. Bd4 Bxd4 20. cxd4 Qd7 21.
Rad1 a4 22. Bc4 b5 23. Be2 b4 24. Qe1 Rab8 25. b3 Bd5 26. Qg3 Ra8 27. Kh1 axb3
28. axb3 Ra3 29. Rb1 Rc8 30. Qe1 Ra2 31. Bc4 Bxc4 32. bxc4 Rxc4 33. Rxb4 Qxd4
34. Rb8+ Kf7 35. Qh4 h5 36. Rb7 Qc5 37. Rbb1 Rcc2 38. Qg3 Rxg2 39. Qxg2 Rxg2
40. Kxg2 Qc2+ 41. Kg3 Qd3+ 42. Kg2 Qe2+ 43. Kg1 e3 44. Rbe1 Qg4+ 45. Kh1 Qh3
46. Kg1 h4 47. Re2 Kf6 48. Rfe1 Qg4+ 49. Rg2 Qf3 50. Rf1 Qe4 51. Re1 Kf5 52.
Rg5+ Kxf4 53. Rg2 Ke5 54. Rge2 Kd4 55. Ra1 Qf5 56. Ra4+ Kd3 57. Rea2 h3 58.
R4a3+ Ke4 59. Rd3 Kxd3 60. Ra3+ Ke4 61. Ra4+ Kf3 {Tinker resigns} 0-1

[Event "ICS Rated blitz match"]
[Site "204.178.125.65"]
[Date "2001.08.07"]
[Round "?"]
[White "Hossa"]
[Black "Tinker"]
[Result "1-0"]
[WhiteElo "2541"]
[BlackElo "2437"]
[PlyCount "115"]
[EventDate "2001.??.??"]

1. c4 Nf6 2. Nc3 e5 3. Nf3 Nc6 4. g3 Bb4 5. Bg2 O-O 6. O-O e4 7. Ne1 Bxc3 8.
dxc3 h6 9. Nc2 Re8 10. c5 d6 11. cxd6 Qxd6 12. Qxd6 cxd6 13. Rd1 d5 14. Bf4 Bg4
15. Bf1 Be6 16. h3 Rac8 17. Bg2 Na5 18. Nd4 Bd7 19. g4 Nc4 20. b3 Ne5 21. Rac1
Ng6 22. Bg3 e3 23. c4 exf2+ 24. Kxf2 Ne4+ 25. Bxe4 dxe4 26. Ke3 Rc5 27. a3 Kh7
28. Rd2 Ra5 29. Ra1 Rg5 30. Rf1 Kg8 31. Nf5 Bc6 32. Nd6 Rf8 33. b4 a6 34. a4 b6
35. b5 Ba8 36. a5 bxa5 37. b6 Bc6 38. b7 f5 39. Rxf5 Rb8 40. Nxe4 Bxe4 41. Bxb8
Bxb7 42. Rxg5 hxg5 43. Ra2 Ne7 44. Rxa5 Nc6 45. Rd5 Nxb8 46. Rd8+ Kf7 47. Rxb8
Bg2 48. Kf2 Be4 49. Rb6 a5 50. Ra6 a4 51. Rxa4 Ke6 52. Ra5 Kf6 53. Ke3 Bg2 54.
Rf5+ Kg6 55. Rf2 Bb7 56. Kd4 Kh7 57. Ke5 Bc6 58. c5 {Tinker resigns} 1-0

[Event "ICS rated blitz match"]
[Site "204.178.125.65"]
[Date "2001.08.07"]
[Round "?"]
[White "Hossa"]
[Black "Tinker"]
[Result "1-0"]
[WhiteElo "2557"]
[BlackElo "2424"]
[PlyCount "115"]
[EventDate "2001.??.??"]

1. c4 Nf6 2. Nc3 e5 3. Nf3 Nc6 4. g3 Bb4 5. Bg2 O-O 6. O-O e4 7. Ne1 Bxc3 8.
dxc3 h6 9. Nc2 Re8 10. c5 Qe7 11. Be3 Ng4 12. Bf4 Qxc5 13. Bxc7 Qh5 14. h3 Nf6
15. Bd6 Re6 16. Re1 Qg6 17. c4 Ne8 18. Bf4 d6 19. Ne3 Bd7 20. Qb3 Na5 21. Qa3
b6 22. b4 Nc6 23. Nd5 Rc8 24. Bd2 Qf5 25. b5 Ne7 26. Nf4 Re5 27. Qxa7 Rec5 28.
h4 R8c7 29. Qxb6 Rxc4 30. a4 Qe5 31. Red1 R4c5 32. Qb8 Bc8 33. Qa8 Rc2 34. b6
Rb7 35. Rac1 Rxc1 36. Rxc1 Rxb6 37. Bc3 Qc5 38. Qxe4 d5 39. Nxd5 Qxd5 40. Qxd5
Nxd5 41. Bxd5 Bd7 42. a5 Rd6 43. Bc4 Rc6 44. Bd3 Nc7 45. Bd2 Rxc1+ 46. Bxc1 Bc8
47. Bf4 Na6 48. Bd6 Kh8 49. h5 Bb7 50. g4 Kg8 51. f4 Bc8 52. Bc4 Kh7 53. Bxf7
Bxg4 54. e4 Be2 55. e5 Kh8 56. f5 Bd3 57. f6 Be2 58. Be8 {Tinker resigns} 1-0

[Event "ICS Rated blitz match"]
[Site "204.178.125.65"]
[Date "2001.08.07"]
[Round "?"]
[White "QueenMaxima"]
[Black "Hossa"]
[Result "1/2-1/2"]
[WhiteElo "2401"]
[BlackElo "2567"]
[PlyCount "149"]
[EventDate "2001.??.??"]

1. d4 Nf6 2. c4 e6 3. Nc3 Bb4 4. Bd2 O-O 5. Nf3 d5 6. e3 c5 7. dxc5 Bxc5 8.
cxd5 exd5 9. Bd3 Bg4 10. Qb3 b6 11. Ne5 Be6 12. Qa4 Nbd7 13. Nc6 Qc7 14. b4 a5
15. bxa5 bxa5 16. Rc1 Rfc8 17. Nd4 Ne5 18. Bb5 Bxd4 19. exd4 Nc4 20. Bg5 Ng4
21. h3 Nge5 22. O-O Nd3 23. Rc2 Rab8 24. Ne2 Ndb2 25. Qb3 Qb7 26. Nc3 a4 27.
Bxa4 Qa7 28. Bb5 Qxd4 29. Rfc1 Nd3 30. Rd1 Qe5 31. Rxd3 Qxg5 32. Rg3 Qh5 33. a4
Nd6 34. Ne2 Rxc2 35. Qxc2 Nxb5 36. Qb2 d4 37. axb5 Qxb5 38. Qxd4 g6 39. Re3 Qf5
40. Nc3 Qa5 41. Qd2 Rd8 42. Qb2 Bc4 43. Re7 Be6 44. Rb7 Qe5 45. Ra7 Rd3 46. Ra3
Qe1+ 47. Kh2 Bc8 48. Nb5 Rd1 49. Ra8 Qh1+ 50. Kg3 Rd3+ 51. f3 Qe1+ 52. Kh2 Qe6
53. Qc2 Rd8 54. Qc7 Rf8 55. Nd4 Qd7 56. Qb6 Qe7 57. Ra7 Qe5+ 58. Kh1 Qe1+ 59.
Kh2 Qe5+ 60. Kh1 Qe1+ 61. Kh2 Qe5+ 62. Kh1 Qe1+ 63. Kh2 Qe5+ 64. Kh1 Qe1+ 65.
Kh2 Qe5+ 66. Kh1 Qe1+ 67. Kh2 Qe5+ 68. Kh1 Qe1+ 69. Kh2 Qe5+ 70. Kh1 Qe1+ 71.
Kh2 Qe5+ 72. Kh1 Qe1+ 73. Kh2 Qe5+ 74. Kh1 Qe1+ 75. Kh2 {
Game drawn by repetition} 1/2-1/2

[Event "ICS Rated blitz match"]
[Site "204.178.125.65"]
[Date "2001.08.07"]
[Round "?"]
[White "PostModernist"]
[Black "Hossa"]
[Result "1-0"]
[WhiteElo "2700"]
[BlackElo "2560"]
[PlyCount "164"]
[EventDate "2001.??.??"]

1. c4 c5 2. Nf3 Nc6 3. Nc3 e6 4. e3 Nf6 5. d4 cxd4 6. Nxd4 Nxd4 7. exd4 d5 8.
cxd5 Nxd5 9. Bd3 Bb4 10. Bd2 O-O 11. O-O Nf6 12. Bg5 Kh8 13. Bc2 h6 14. Bh4 Be7
15. Qd3 g6 16. Bg3 Bd7 17. Rfe1 Bc6 18. Qd2 Kg7 19. Bf4 Rh8 20. a3 Nh5 21. Be3
Bd6 22. b4 Qc7 23. g3 Nf6 24. Rac1 a5 25. Bd3 Qd7 26. b5 Bf3 27. Ra1 Qe7 28. a4
Bb4 29. Rec1 Qd7 30. Qb2 Rac8 31. Na2 Nd5 32. Nxb4 axb4 33. Bd2 Qd6 34. Rc5 Qd7
35. a5 Rcd8 36. Qb3 Nf6 37. Be3 Nd5 38. Bc4 Nf6 39. Qxb4 Ne4 40. Re5 Nf6 41.
Qa3 Ng4 42. Rc5 Nf6 43. Rc1 Ne4 44. Re5 Nf6 45. h3 Bd5 46. Bd3 Bf3 47. Bb1 Be2
48. b6 Nd5 49. Bd2 Ba6 50. Ree1 Qb5 51. h4 Rc8 52. Rxc8 Rxc8 53. g4 Qd7 54. Qg3
Rc6 55. Qb8 f6 56. Bxh6+ Kh7 57. Bd2 Rc8 58. Qg3 Kg7 59. g5 f5 60. Qe5+ Kf7 61.
f3 Bc4 62. f4 Rd8 63. Rc1 Rc8 64. Kh2 Kg8 65. Bc2 Re8 66. Bd1 Bd3 67. Bf3 Be4
68. Bxe4 fxe4 69. Qxe4 Qf7 70. Kg3 Rd8 71. Kg2 Kf8 72. Re1 Re8 73. Qe5 Kg8 74.
h5 Qh7 75. hxg6 Qxg6 76. f5 Qh5 77. Kg3 Kh7 78. a6 Nxb6 79. axb7 Nd7 80. Qc7
Rg8 81. Qxd7+ Kh8 82. Qe7 Rb8 {Hossa resigns} 1-0

[Event "ICS rated blitz match"]
[Site "204.178.125.65"]
[Date "2001.08.07"]
[Round "?"]
[White "Hossa"]
[Black "PostModernist"]
[Result "0-1"]
[WhiteElo "2550"]
[BlackElo "2710"]
[PlyCount "99"]
[EventDate "2001.??.??"]

1. d4 d5 2. Bg5 c6 3. Nd2 Nf6 4. e3 Bf5 5. Ngf3 e6 6. Nh4 h6 7. Bxf6 Qxf6 8.
Nxf5 Qxf5 9. Bd3 Qf6 10. c3 Nd7 11. O-O e5 12. Qb3 O-O-O 13. Qa4 Kb8 14. dxe5
Nxe5 15. Be2 h5 16. Qf4 Qxf4 17. exf4 Ng4 18. h3 Nf6 19. g3 Bc5 20. Nb3 Bb6 21.
Rae1 Ne4 22. Kg2 h4 23. Bd3 f5 24. Re2 Rh6 25. a4 Rg6 26. Bxe4 dxe4 27. a5 Bc7
28. Kh2 Rd3 29. Rg1 Bd6 30. Nc1 Rd5 31. Nb3 Rb5 32. Nd4 hxg3+ 33. fxg3 Rxa5 34.
Rd1 Bc7 35. b4 Rd5 36. c4 Rd8 37. c5 Rd5 38. Rb2 Rf6 39. h4 Rf8 40. Ne6 Rxd1
41. Nxf8 e3 42. Kh3 Rd2 43. Rb1 e2 44. Re1 a5 45. h5 axb4 46. Ne6 b3 47. Nd4 b2
48. Nxe2 Rxe2 49. Rh1 Ba5 50. Rb1 {Hossa resigns} 0-1

[Event "ICS rated bullet match"]
[Site "204.178.125.65"]
[Date "2001.08.07"]
[Round "?"]
[White "Hossa"]
[Black "grouchy"]
[Result "0-1"]
[WhiteElo "2540"]
[BlackElo "2808"]
[PlyCount "94"]
[EventDate "2001.??.??"]

1. e4 e5 2. Nf3 Nc6 3. d4 exd4 4. Nxd4 Bc5 5. Nxc6 Qf6 6. Qd2 dxc6 7. Nc3 Be6
8. Na4 Rd8 9. Bd3 Bd4 10. O-O b5 11. Nc3 Ne7 12. a4 a6 13. Nd1 O-O 14. axb5
axb5 15. Qf4 Qxf4 16. Bxf4 Bb6 17. Nc3 Ng6 18. Bg3 f6 19. Ne2 Ne5 20. Nf4 Bf7
21. Rfc1 g5 22. Nh3 Nxd3 23. cxd3 c5 24. f4 c4+ 25. Bf2 cxd3 26. Bxb6 cxb6 27.
Nf2 d2 28. Rc6 Rc8 29. Rc3 b4 30. Rxc8 Rxc8 31. Rd1 Rc1 32. fxg5 Bb3 33. Rf1
Bc4 34. Nd1 Bxf1 35. Kxf1 Rxd1+ 36. Ke2 Rb1 37. Kxd2 Rxb2+ 38. Kc1 Rxg2 39. h3
fxg5 40. e5 Kf7 41. Kd1 b3 42. e6+ Kxe6 43. Kc1 Kd5 44. Kb1 Kd4 45. Kc1 Kc3 46.
Kd1 b2 47. h4 b1=Q# {Hossa checkmated} 0-1

[Event "ICS rated bullet match"]
[Site "204.178.125.65"]
[Date "2001.08.07"]
[Round "?"]
[White "grouchy"]
[Black "Hossa"]
[Result "1-0"]
[WhiteElo "2814"]
[BlackElo "2534"]
[PlyCount "117"]
[EventDate "2001.??.??"]

1. d4 Nf6 2. c4 e6 3. Nc3 Bb4 4. e3 O-O 5. Nge2 d5 6. a3 Be7 7. cxd5 exd5 8. g3
Be6 9. Bg2 c6 10. O-O Qc8 11. Nf4 Bd6 12. Nxe6 fxe6 13. e4 dxe4 14. Qe2 Qd7 15.
Bg5 Qf7 16. Bxf6 gxf6 17. Nxe4 Be7 18. Nc3 f5 19. Rfe1 Bf6 20. Rad1 Re8 21. d5
Bxc3 22. dxe6 Rxe6 23. Rd8+ Kg7 24. Qxe6 Bf6 25. Qxf7+ Kxf7 26. Rc8 Bxb2 27.
Ree8 Bxa3 28. Rxb8 Rxb8 29. Rxb8 b6 30. Rb7+ Be7 31. Bxc6 h6 32. Rxa7 Kf6 33.
Be8 Bb4 34. Rh7 Bd2 35. f4 Bc3 36. Rxh6+ Ke7 37. Bg6 Ke6 38. Rh5 b5 39. Bxf5+
Ke7 40. Be4 b4 41. Rb5 Kd6 42. h4 Be1 43. Kg2 Ke6 44. h5 Bd2 45. h6 Bc3 46. h7
Kd6 47. g4 Bg7 48. g5 Bh8 49. g6 Bg7 50. Rxb4 Bh8 51. Rb6+ Kc5 52. Rc6+ Kb5 53.
f5 Bg7 54. f6 Bh6 55. h8=Q Bf4 56. Qg8 Kb4 57. Qc4+ Ka3 58. Ra6+ Kb2 59. Ra2# {
Hossa checkmated} 1-0

[Event "ICS Rated blitz match"]
[Site "204.178.125.65"]
[Date "2001.08.07"]
[Round "?"]
[White "Hossa"]
[Black "Tinker"]
[Result "0-1"]
[WhiteElo "2541"]
[BlackElo "2416"]
[PlyCount "174"]
[EventDate "2001.??.??"]

1. d4 Nf6 2. Bg5 Ne4 3. Bc1 Nf6 4. Bg5 e6 5. e4 h6 6. Bxf6 Qxf6 7. Nc3 d6 8.
Qd2 g5 9. O-O-O Bg7 10. h4 gxh4 11. Nf3 Qe7 12. Nxh4 c6 13. Be2 h5 14. g3 e5
15. dxe5 dxe5 16. Kb1 Na6 17. Ng2 Bg4 18. Ne3 Rd8 19. Qxd8+ Qxd8 20. Rxd8+ Kxd8
21. Nxg4 hxg4 22. Rxh8+ Bxh8 23. Bxa6 bxa6 24. Nd1 Bg7 25. Ne3 Kd7 26. Nxg4 a5
27. Ne3 Bf6 28. c3 a4 29. Nf5 Bd8 30. Kc2 Bb6 31. f3 Bc5 32. Kd3 a6 33. Kc4 Bf8
34. g4 Ke6 35. Ng3 a5 36. Nf5 Kf6 37. Kd3 Bc5 38. Ne3 Bd6 39. Ke2 Kg5 40. Nf5
Bf8 41. Ke3 Bc5+ 42. Kd2 a3 43. b3 Kf6 44. Ne3 Bxe3+ 45. Kxe3 Ke7 46. Kd3 Kf6
47. Kd2 Kg5 48. Ke3 c5 49. Ke2 Kf4 50. Kf2 Kg5 51. Ke3 f6 52. Ke2 Kf4 53. Kf2
Kg5 54. Kg3 Kg6 55. c4 Kg7 56. Kf2 Kh6 57. Ke2 Kg5 58. Kf1 Kg6 59. Kg2 Kh6 60.
Kf2 Kg6 61. Ke3 Kg5 62. Ke2 Kh4 63. Kd2 Kh3 64. Kd3 Kh4 65. g5 fxg5 66. Ke2 g4
67. fxg4 Kxg4 68. Ke3 Kg3 69. Ke2 Kf4 70. Kd3 Kf3 71. Kd2 Kxe4 72. Ke2 Kd4 73.
Kd2 e4 74. Kc2 e3 75. Kd1 Kd3 76. Ke1 e2 77. Kf2 Kd2 78. Kf3 e1=Q 79. Kf4 Qa1
80. Ke4 Qxa2 81. Kd5 Qxb3 82. Ke5 a2 83. Kd5 a1=Q 84. Ke6 Qxc4+ 85. Kd7 Qd5+
86. Kc7 Qb1 87. Kc8 Qbb7# {Hossa checkmated} 0-1

[Event "ICS rated bullet match"]
[Site "204.178.125.65"]
[Date "2001.08.07"]
[Round "?"]
[White "Hossa"]
[Black "grouchy"]
[Result "0-1"]
[WhiteElo "2529"]
[BlackElo "2831"]
[PlyCount "82"]
[EventDate "2001.??.??"]

1. c4 Nf6 2. Nc3 g6 3. g3 Bg7 4. Bg2 O-O 5. d4 d6 6. Nf3 Nbd7 7. O-O e5 8. dxe5
dxe5 9. Qc2 c6 10. Rd1 Qe7 11. Bg5 h6 12. Bd2 Nb6 13. Qc1 Nxc4 14. Bxh6 Bxh6
15. Qxh6 Nxb2 16. Rf1 Ng4 17. Qc1 Nc4 18. h3 Nf6 19. Qh6 Rd8 20. Rfd1 Bf5 21.
g4 Be6 22. Rxd8+ Rxd8 23. Rb1 Nh7 24. a4 b6 25. Ne4 Bd5 26. Neg5 Nf6 27. e4
Bxe4 28. Rc1 Bd5 29. Bf1 Nb2 30. Rb1 Nxa4 31. Ra1 Nc3 32. Nxe5 Qxe5 33. Rxa7
Qe1 34. Nf3 Bxf3 35. Qe3 Ne2+ 36. Qxe2 Bxe2 37. Kh2 Qxf2+ 38. Bg2 Qf4+ 39. Kh1
Rd1+ 40. Bf1 Rxf1+ 41. Kg2 Qf2# {Hossa checkmated} 0-1

[Event "ICS Rated blitz match"]
[Site "204.178.125.65"]
[Date "2001.08.07"]
[Round "?"]
[White "Tinker"]
[Black "Hossa"]
[Result "0-1"]
[WhiteElo "2438"]
[BlackElo "2521"]
[PlyCount "158"]
[EventDate "2001.??.??"]

1. e4 c5 2. Nf3 d6 3. d4 cxd4 4. Nxd4 Nf6 5. Nc3 g6 6. Be3 Bg7 7. Be2 O-O 8.
O-O Re8 9. Bg5 Nc6 10. Nxc6 bxc6 11. Rb1 Rb8 12. Qd2 Qa5 13. Bh6 Bxh6 14. Qxh6
Qe5 15. Qe3 d5 16. f4 Qc7 17. e5 Ng4 18. Qg3 Qb6+ 19. Kh1 Ne3 20. Rfc1 Bf5 21.
Bd3 Bxd3 22. cxd3 Qd4 23. Re1 Nc2 24. Ne2 Qa4 25. Nc3 Qb4 26. Rg1 Na3 27. bxa3
Qxc3 28. Rbc1 Qxa3 29. f5 e6 30. fxg6 fxg6 31. Rxc6 Qxa2 32. Rcc1 Qb2 33. Qe3
Rb7 34. Rc6 Rf7 35. Ra6 Ree7 36. d4 Qf2 37. Qd3 Rf4 38. Ra4 Rb7 39. h3 Rff7 40.
Kh2 Rb2 41. Qg3 Qd2 42. Ra6 Rb6 43. Ra4 a5 44. Rga1 Rb2 45. Rxa5 Qxd4 46. Ra6
Rff2 47. Qg5 Rxg2+ 48. Qxg2 Qxe5+ 49. Kh1 Rxg2 50. Kxg2 Qe2+ 51. Kg3 Kf7 52.
Ra7+ Kf6 53. R1a3 Qe1+ 54. Kg2 Qd2+ 55. Kf1 h6 56. R7a6 Ke5 57. Ra2 Qd3+ 58.
Kg2 Qe4+ 59. Kf2 Kf4 60. R6a4 d4 61. R4a3 Qh1 62. Rd2 Qh2+ 63. Ke1 Qg1+ 64. Ke2
e5 65. Rf3+ Ke4 66. Rb3 g5 67. Ra3 h5 68. Rdd3 Qg2+ 69. Kd1 g4 70. hxg4 Qxg4+
71. Ke1 Kd5 72. Rg3 Qe4+ 73. Kd1 Qb1+ 74. Kd2 Qb2+ 75. Kd1 e4 76. Ra5+ Kc4 77.
Ra4+ Kb5 78. Ra8 Qb1+ 79. Kd2 e3+ {Tinker resigns} 0-1

[Event "ICS rated blitz match"]
[Site "204.178.125.65"]
[Date "2001.08.07"]
[Round "?"]
[White "Hossa"]
[Black "Tagotis"]
[Result "0-1"]
[WhiteElo "2533"]
[BlackElo "2486"]
[PlyCount "83"]
[EventDate "2001.??.??"]

1. c4 c6 2. b3 d5 3. Bb2 Nf6 4. cxd5 cxd5 5. Nf3 Nc6 6. e3 Bg4 7. Bb5 Rc8 8.
O-O e6 9. h3 Bh5 10. d3 Bd6 11. Nbd2 O-O 12. Rc1 e5 13. Qe1 Re8 14. d4 e4 15.
Nh4 Ng4 16. g3 Nh6 17. a3 Qg5 18. Ng2 a6 19. Be2 Bxe2 20. Qxe2 Rc7 21. Nb1 Rec8
22. Bc3 Nf5 23. Qg4 Qxg4 24. hxg4 Ncxd4 25. exd4 Nxd4 26. Bxd4 Rxc1 27. Nd2
Bxa3 28. Ne3 Bb4 29. Rxc1 Rxc1+ 30. Ndf1 Bc3 31. Bxc3 Rxc3 32. Nxd5 Rxb3 33. g5
a5 34. Nc7 a4 35. Nd5 a3 36. Nfe3 Rb2 37. Nc3 b5 38. Kg2 b4 39. Na4 Rb1 40. Nc2
a2 41. Nc5 Rc1 42. Nxb4 {Hossa resigns} 0-1

[Event "ICS rated blitz match"]
[Site "204.178.125.65"]
[Date "2001.08.07"]
[Round "?"]
[White "HousePlayer"]
[Black "Hossa"]
[Result "0-1"]
[WhiteElo "2338"]
[BlackElo "2523"]
[PlyCount "82"]
[EventDate "2001.??.??"]

1. d4 Nf6 2. Nc3 g6 3. a3 d5 4. Bg5 Bg7 5. f3 O-O 6. Qd2 c6 7. h4 Nh5 8. g4 Ng3
9. Rh3 Nxf1 10. Kxf1 f5 11. h5 fxg4 12. Rh4 gxh5 13. Rxh5 gxf3 14. Nxf3 Bg4 15.
Rh4 Bxf3 16. exf3 Rxf3+ 17. Kg2 Rf7 18. Rah1 Bh8 19. Rg4 Qd7 20. Qe2 Rg7 21.
Rhh4 Na6 22. Bh6 Rg6 23. Rxg6+ hxg6 24. Rg4 Kf7 25. Qf2+ Bf6 26. Qg3 Qf5 27.
Ne2 Rh8 28. Bg5 Qxc2 29. Bxf6 Qxe2+ 30. Qf2 Qxg4+ 31. Qg3 Qe4+ 32. Qf3 Rh2+ 33.
Kg3 Rh3+ 34. Kxh3 Qxf3+ 35. Kh2 Qf2+ 36. Kh1 exf6 37. b4 Ke6 38. b5 Kf5 39.
bxa6 Kg4 40. axb7 Kh3 41. b8=Q Qe1# {HousePlayer checkmated} 0-1

[Event "ICS rated blitz match"]
[Site "204.178.125.65"]
[Date "2001.08.07"]
[Round "?"]
[White "Hossa"]
[Black "nyul"]
[Result "1-0"]
[WhiteElo "2531"]
[BlackElo "2038"]
[PlyCount "47"]
[EventDate "2001.??.??"]

1. e4 e5 2. Nf3 Nc6 3. d4 exd4 4. Nxd4 d6 5. Nxc6 bxc6 6. Bd3 Nf6 7. O-O Be7 8.
Re1 O-O 9. Nc3 Ng4 10. f3 Ne5 11. Be2 Bh4 12. Rf1 f5 13. f4 Ng6 14. Qd4 Bf6 15.
Qc4+ Kh8 16. Qxc6 Bd7 17. Qc4 Qe7 18. exf5 Bxf5 19. Nd5 Bd4+ 20. Qxd4 Qxe2 21.
Nxc7 Rac8 22. Nd5 Be4 23. Rf2 Qd1+ 24. Qxd1 {nyul resigns} 1-0

[Event "ICS rated blitz match"]
[Site "204.178.125.65"]
[Date "2001.08.07"]
[Round "?"]
[White "Hossa"]
[Black "kako"]
[Result "1-0"]
[WhiteElo "2533"]
[BlackElo "2194"]
[PlyCount "69"]
[EventDate "2001.??.??"]

1. d4 d5 2. Nc3 f5 3. Bg5 Nf6 4. e3 e6 5. Bd3 Bb4 6. a3 Be7 7. Nf3 Ne4 8. Bxe7
Qxe7 9. Ne5 Nd7 10. Qh5+ g6 11. Nxg6 Qf7 12. Nb5 Qxg6 13. Qxg6+ hxg6 14. Nxc7+
Kd8 15. Nxa8 b6 16. a4 Bb7 17. a5 b5 18. Nb6 axb6 19. a6 Ba8 20. a7 Nd6 21. Kd2
Ke7 22. h3 Kd8 23. Kc3 Ke7 24. Kb4 Bc6 25. Ra6 Ra8 26. b3 Kd8 27. Rha1 Kc7 28.
g4 Nf6 29. gxf5 gxf5 30. f3 Bb7 31. R6a2 Bc6 32. Rg1 Rd8 33. Rg7+ Nd7 34. Re7
Ra8 35. Rxe6 {kako resigns} 1-0

[Event "ICS rated blitz match"]
[Site "204.178.125.65"]
[Date "2001.08.07"]
[Round "?"]
[White "kako"]
[Black "Hossa"]
[Result "0-1"]
[WhiteElo "2180"]
[BlackElo "2539"]
[PlyCount "70"]
[EventDate "2001.??.??"]

1. e4 c5 2. Nf3 d6 3. d4 cxd4 4. Nxd4 Nf6 5. Nc3 g6 6. g3 Bg7 7. h3 O-O 8. Bg2
Nc6 9. Nde2 Bd7 10. O-O Qc8 11. Kh2 Ne5 12. b3 Nfg4+ 13. Kh1 Nh6 14. Kh2 Neg4+
15. hxg4 Nxg4+ 16. Kg1 Bxc3 17. Nxc3 Qxc3 18. Bd2 Qe5 19. Bf3 Qh5 20. Bxg4 Bxg4
21. f3 Bh3 22. Rf2 f5 23. exf5 Qxf5 24. Be3 Qh5 25. c4 Be6 26. Qe2 Qe5 27. Raf1
Bh3 28. f4 Bxf1 29. Rxf1 Qe6 30. Qf2 a5 31. Bd4 Qg4 32. Qh2 g5 33. Re1 gxf4 34.
Rxe7 Qd1+ 35. Kg2 f3+ {kako resigns} 0-1

[Event "ICS rated blitz match"]
[Site "204.178.125.65"]
[Date "2001.08.07"]
[Round "?"]
[White "Hossa"]
[Black "AlperEfe"]
[Result "1-0"]
[WhiteElo "2543"]
[BlackElo "2097"]
[PlyCount "38"]
[EventDate "2001.??.??"]

1. d4 Nf6 2. Nc3 d5 3. Bf4 c6 4. e3 g6 5. Bd3 Bg7 6. Nf3 O-O 7. O-O Bg4 8. h3
Bxf3 9. Qxf3 Nbd7 10. Rfe1 e6 11. Bd6 Re8 12. Bf1 Rc8 13. a4 Bf8 14. Bxf8 Nxf8
15. e4 Kg7 16. e5 N6d7 17. Qf4 c5 18. Nb5 cxd4 19. Nd6 Rxc2 {AlperEfe resigns}
1-0

[Event "ICS rated blitz match"]
[Site "204.178.125.65"]
[Date "2001.08.07"]
[Round "?"]
[White "AlperEfe"]
[Black "Hossa"]
[Result "0-1"]
[WhiteElo "2095"]
[BlackElo "2545"]
[PlyCount "68"]
[EventDate "2001.??.??"]

1. e4 c5 2. Nc3 Nc6 3. Nf3 g6 4. d4 cxd4 5. Nxd4 Bg7 6. Be3 Nh6 7. Be2 O-O 8.
O-O d6 9. h3 Kh8 10. Qd2 Ng8 11. Rad1 Bd7 12. a3 a5 13. f4 f5 14. Bf3 fxe4 15.
Nxe4 Rc8 16. c3 h6 17. Bg4 Bxg4 18. hxg4 Qd7 19. g5 h5 20. f5 Nxd4 21. Bxd4
Rxf5 22. Bxg7+ Kxg7 23. Qd4+ Kh7 24. Rxf5 Qxf5 25. Rf1 Qe6 26. Nd2 Rc5 27. Qf4
Rf5 28. Qd4 Rxg5 29. Ne4 Rf5 30. Rxf5 Qxf5 31. b4 Nh6 32. c4 Qf4 33. bxa5 Ng4
34. Nf2 Qxd4 {AlperEfe resigns} 0-1

[Event "ICS rated blitz match"]
[Site "204.178.125.65"]
[Date "2001.08.07"]
[Round "?"]
[White "Hossa"]
[Black "AlperEfe"]
[Result "1-0"]
[WhiteElo "2547"]
[BlackElo "2093"]
[PlyCount "29"]
[EventDate "2001.??.??"]

1. e4 c5 2. Nf3 Nc6 3. d4 cxd4 4. c3 Nf6 5. e5 Nd5 6. cxd4 d6 7. Bc4 Nb6 8. Bb5
Bd7 9. Nc3 e6 10. O-O Be7 11. exd6 Bxd6 12. d5 exd5 13. Nxd5 Nxd5 14. Qxd5 Be7
15. Rd1 {AlperEfe resigns} 1-0

[Event "ICS rated blitz match"]
[Site "204.178.125.65"]
[Date "2001.08.07"]
[Round "?"]
[White "trischel"]
[Black "Hossa"]
[Result "0-1"]
[WhiteElo "2218"]
[BlackElo "2549"]
[PlyCount "80"]
[EventDate "2001.??.??"]

1. d4 Nf6 2. Bg5 e6 3. Nd2 c5 4. dxc5 Bxc5 5. e3 O-O 6. Ngf3 d5 7. c3 Nc6 8.
Be2 Bb6 9. O-O e5 10. Qc2 h6 11. Bh4 g5 12. Bg3 Nh5 13. Rfd1 Nxg3 14. hxg3 f5
15. Nb3 Be6 16. c4 Rc8 17. cxd5 Nd4 18. Qd2 Rc2 19. Nfxd4 Rxd2 20. Nxe6 Rxd1+
21. Rxd1 Qc8 22. Nxf8 Kxf8 23. d6 Qc2 24. Rd2 Qb1+ 25. Kh2 Qxa2 26. Bc4 Qa4 27.
Be6 a6 28. d7 Ke7 29. Bd5 Qxd7 30. e4 fxe4 31. Bxe4 Qb5 32. Bc2 a5 33. Nc1 Qxb2
34. Nd3 Qd4 35. Re2 Bc7 36. f4 e4 37. Nf2 e3 38. Nd1 gxf4 39. gxf4 Qxf4+ 40.
Kg1 Qh2+ {trischel resigns} 0-1